00840nam a22001935i 4500001000700000003000900007005001700016008004100033080001400074100002200088245020800110260014700318300003800465500002700503504003100530650001400561710003000575852004100605178632ES-MaACL20230906220557.0110609s1970 sp d |||| | spa d a616.155.31 aSans-Sabrafen, J.10aAplicación de técnicas citoquímicas a la clasificación citológica de las leucemias agudas / cresumen de la tesis presentada para aspirar al grado de doctor en medicina por Jorge Sans Sabrafen. aBarcelona : bUniversidad de Barcelona, Secretariado de Publicaciones, Intercambio Científico y Extensión Universitaria : bIvern, c1970. a20 p. : bil. bl. y n. ; c24 cm. aCub. tomada como port. aBibliografía : p. 19-20.04aLeucemia.2 aUniversidad de Barcelona. aES-MaACLjE-15361 (38) xOlim P-1374